Roma

Guardat en:
Dades bibliogràfiques
Autor principal: Fauré, Gabriel Urbain (Autor)
Format: Llibre
Idioma:espanyol
Publicat: Barcelona Edita 1900
Col·lecció:Ediciones Artísticas de Edita
Matèries:
Etiquetes: Afegir etiqueta
Sense etiquetes, Sigues el primer a etiquetar aquest registre!

MARC

LEADER 00000nam a2200000 a 4500
001 UCZ8215
003 CL-VaPUC
008 960119e19000000SP |||||||||||||||||spa|d
082 0 4 |a 709.012  |b FAU  |2 21 
100 |a Fauré, Gabriel Urbain  |e author  |9 306664 
245 1 0 |a Roma 
300 |a 146 p 
942 |c BK 
945 |d 19960119 00:00:00  |a rleighto 
260 |a Barcelona  |b Edita  |c 1900 
650 0 |a Arte  |9 265238 
650 0 |a Arquitectura  |9 804558 
650 0 |a Escultura  |9 265737 
650 0 |a Pintura  |9 265046 
650 0 |a Iglesias  |9 352850 
650 7 |a CASTILLOS  |2 CL-VaPUC  |9 353422 
650 0 |a Monumentos históricos  |9 308710 
651 0 |a Roma   |9 255106 
651 0 |a Italia  |9 254949 
583 |a last modification  |c 19960119 00:00:00  |k Rodrigo Vera 
490 0 |a Ediciones Artísticas de Edita 
999 |c 244155  |d 244153 
952 |0 0  |1 0  |4 0  |6 709_012000000000000_FAU_1900  |7 0  |8 X  |9 258126  |a BIBHIS  |b BIBHIS  |d 2019-11-19  |i 3167747  |o 709.012 FAU 1900  |p 3167747  |r 2024-01-30  |w 2019-11-19  |y BK_X  |k HIS